| 000 | 00358nam a2200157Ia 4500 | ||
|---|---|---|---|
| 008 | 210210b1937 xxu||||| |||| 00| 0 eng d | ||
| 041 | _aeng | ||
| 082 | _a823/374 | ||
| 100 | _aSHAKESPEARE (William) | ||
| 245 | _aRichard II | ||
| 260 |
_aLondon _bPenguin Books _c1937 |
||
| 650 | _aRichard | ||
| 650 | _aII | ||
| 690 | _aEnglish Drama | ||
| 906 | _a013918 | ||
| 999 |
_c132989 _d132989 |
||